<?xml version="1.0" encoding="UTF-8"?>
<record
    xmlns:xsi="http://www.w3.org/2001/XMLSchema-instance"
    xsi:schemaLocation="http://www.loc.gov/MARC21/slim http://www.loc.gov/standards/marcxml/schema/MARC21slim.xsd"
    xmlns="http://www.loc.gov/MARC21/slim">

  <leader>01216nam a2200253 a 4500</leader>
  <controlfield tag="003">CO-ViMGA</controlfield>
  <controlfield tag="005">20230915233126.0</controlfield>
  <controlfield tag="008">090803s2008    ck a   gr     00010 spa d</controlfield>
  <datafield tag="020" ind1=" " ind2=" ">
    <subfield code="a">9789587191233</subfield>
  </datafield>
  <datafield tag="040" ind1=" " ind2=" ">
    <subfield code="a">CO-ViMGA</subfield>
    <subfield code="b">spa</subfield>
    <subfield code="c">CO-ViMGA</subfield>
  </datafield>
  <datafield tag="082" ind1="0" ind2="4">
    <subfield code="a">662.88 </subfield>
    <subfield code="b">F67b </subfield>
    <subfield code="2">21</subfield>
  </datafield>
  <datafield tag="111" ind1="2" ind2=" ">
    <subfield code="a">Foro Biocombustibles en Colombia a debate (</subfield>
    <subfield code="d">2008 : </subfield>
    <subfield code="c">Bogot&#xE1;)</subfield>
    <subfield code="9">2854</subfield>
  </datafield>
  <datafield tag="245" ind1="1" ind2="4">
    <subfield code="a">Los biocombustibles en Colombia a debate : </subfield>
    <subfield code="b">memorias / </subfield>
    <subfield code="c">Foro biocombustibles en Colombia a debate, Bogot&#xE1; 2008 ; compiladores Tom&#xE1;s Le&#xF3;n Sicard y Stefania Gallini ; Sim&#xF3;n Uribe Mart&#xED;nez ... [et al.].</subfield>
  </datafield>
  <datafield tag="260" ind1="3" ind2=" ">
    <subfield code="a">Bogot&#xE1; : </subfield>
    <subfield code="b">Universidad Nacional de Colombia : </subfield>
    <subfield code="b">Colciencias : </subfield>
    <subfield code="b">C&#xE1;mara de Representantes, </subfield>
    <subfield code="c">2008.</subfield>
  </datafield>
  <datafield tag="300" ind1=" " ind2=" ">
    <subfield code="a">229 p. : </subfield>
    <subfield code="b">il. ; </subfield>
    <subfield code="c">23 cm.</subfield>
  </datafield>
  <datafield tag="504" ind1=" " ind2=" ">
    <subfield code="a">Incluye bibliograf&#xED;as.</subfield>
  </datafield>
  <datafield tag="650" ind1=" " ind2="6">
    <subfield code="a">Combustibles vegetales</subfield>
    <subfield code="v"> Congresos, conferencias, etc.</subfield>
    <subfield code="9">2855</subfield>
  </datafield>
  <datafield tag="650" ind1=" " ind2="6">
    <subfield code="a">Desarrollo sostenible</subfield>
    <subfield code="x"> Aspectos ambientales</subfield>
    <subfield code="v"> Congresos, conferencias, etc.</subfield>
    <subfield code="9">2857</subfield>
  </datafield>
  <datafield tag="650" ind1=" " ind2="6">
    <subfield code="a">Gesti&#xF3;n ambiental</subfield>
    <subfield code="x"> Aspectos pol&#xED;ticos</subfield>
    <subfield code="v"> Congresos, conferencias, etc.</subfield>
    <subfield code="9">2856</subfield>
  </datafield>
  <datafield tag="700" ind1="1" ind2=" ">
    <subfield code="a">Gallini, Stefania, </subfield>
    <subfield code="e">comp.</subfield>
    <subfield code="9">2859</subfield>
  </datafield>
  <datafield tag="700" ind1="1" ind2=" ">
    <subfield code="a">Le&#xF3;n Sicard, Tom&#xE1;s Enriquecomp.</subfield>
    <subfield code="9">2858</subfield>
  </datafield>
  <datafield tag="700" ind1="1" ind2=" ">
    <subfield code="a">Uribe Mart&#xED;nez, Sim&#xF3;n.</subfield>
    <subfield code="9">2860</subfield>
  </datafield>
  <datafield tag="942" ind1=" " ind2=" ">
    <subfield code="2">ddc</subfield>
    <subfield code="c">BK</subfield>
  </datafield>
  <datafield tag="999" ind1=" " ind2=" ">
    <subfield code="c">35368</subfield>
    <subfield code="d">35368</subfield>
  </datafield>
  <datafield tag="952" ind1=" " ind2=" ">
    <subfield code="0">0</subfield>
    <subfield code="1">0</subfield>
    <subfield code="2">ddc</subfield>
    <subfield code="4">0</subfield>
    <subfield code="7">0</subfield>
    <subfield code="8">002</subfield>
    <subfield code="a">MEVIECAR</subfield>
    <subfield code="b">MEVIECAR</subfield>
    <subfield code="d">2016-03-18</subfield>
    <subfield code="l">0</subfield>
    <subfield code="o">662.88 F67b </subfield>
    <subfield code="p">29816</subfield>
    <subfield code="r">2016-03-18 00:00:00</subfield>
    <subfield code="t">Ej. 1</subfield>
    <subfield code="w">2016-03-18</subfield>
    <subfield code="y">BK</subfield>
  </datafield>
</record>
